The quest for God as Truth and beauty: Plotinus, Andrew Marvell, Oscar Wilde

Gardado en:
Detalles Bibliográficos
Autor Principal: Köller Krah, Sylvia V.
Formato: Libro
Idioma:Undetermined
Publicado: San José, Costa Rica Escuela de Lenguas Modernas, Universidad de Costa Rica 1981
Materias:
Etiquetas: Engadir etiqueta
Sen Etiquetas, Sexa o primeiro en etiquetar este rexistro!

MARC

LEADER 00000nam a2200000Ia 4500
008 170316s9999 xx 000 0 und d
040 |a cru BVZT 
090 |a TESIS 324 
100 |a Köller Krah, Sylvia V. 
245 4 |a The quest for God as Truth and beauty: Plotinus, Andrew Marvell, Oscar Wilde 
260 |a San José, Costa Rica 
260 |b Escuela de Lenguas Modernas, Universidad de Costa Rica 
260 |c 1981 
300 |a 120 páginas 
650 |a LICENCIATURA EN LITERATURA INGLESA 
650 |a TRABAJO FINAL DE GRADUACIÓN 
999 |c 13949  |d 13949 
942 |c TFG  |h TESIS 324  |2 z